[Event "EYCC Girls U14 2018"]
[Site "Riga"]
[Date "2018.08.27"]
[Round "7"]
[White "Loskutova, Viktoriya"]
[Black "Lomaia, Diana"]
[Result "1-0"]
[WhiteElo "2088"]
[BlackElo "1851"]
[Annotator "NA"]
[PlyCount "107"]
[EventDate "2018.08.20"]
[EventType "swiss"]
[EventCountry "LAT"]
[SourceTitle "playchess.com"]
[Source "ChessBase"]
[SourceQuality "1"]
[TimeControl "40/5400+30:1800+30"]

1. e4 {[%emt 0:00:00]} c5 {[%emt 0:00:00]} 2. Nf3 {[%emt 0:00:00]} d6 {[%emt 0:00:00]} 3. d4 {[%emt 0:00:00]} cxd4 {[%emt 0:00:00]} 4. Nxd4 {[%emt 0:00:00]} Nf6 {[%emt 0:00:09]} 5. f3 {[%emt 0:00:00]} e5 {[%emt 0:01:01] LiveBook: 1098 Games} 6. Nb3 {[%emt 0:00:01]} d5 {[%emt 0:05:05]} 7. Bg5 {[%emt 0:00:34] B55: Sicilian: 2...d6 3 d4 cxd4 4 Nxd4 Nf6 5 f3} d4 {[%emt 0:03:08]} (7... Be6 8. Bxf6 gxf6 9. exd5 Qxd5 10. Qxd5 Bxd5 11. Nc3 Be6 12. Nb5 Kd8 13. O-O-O+ Kc8 14. Nc3 Nd7 15. Nd5 h5 16. Bb5 Bxd5 17. Bxd7+ Kxd7 18. Rxd5+ Ke6 19. Rhd1 h4 20. Kb1 Rg8 21. c4 Rxg2 22. Nd4+ Ke7 23. f4 Rxh2 24. Nf5+ Ke6 25. Nd4+ Ke7 26. Nf5+ Ke6 {½-½ (26) Nabaty,T (2690)-Sjugirov,S (2652) Batumi 2018}) 8. c3 {[%emt 0:00:09]} dxc3 {[%emt 0:07:41]} 9. Qxd8+ {[%emt 0:03:06]} Kxd8 {[%emt 0:00:14]} 10. Nxc3 {[%emt 0:01:41]} Bb4 $146 {[%emt 0:04:07]} ({Predecessor:} 10... Be6 11. O-O-O+ Nbd7 12. Bxf6+ gxf6 13. Nd5 Rc8+ 14. Kb1 Bxd5 15. Rxd5 {1-0 (41) Shvayger,Y (2160)-Rudakova,Z (2026) Evpatoria 2009}) 11. O-O-O+ {[%emt 0:00:10]} Bd7 {[%emt 0:11:20]} 12. Bxf6+ {[%emt 0:08:35]} gxf6 {[%emt 0:00:13]} 13. Nd5 {[%emt 0:00:04]} Be7 {[%emt 0:01:21]} 14. Na5 {[%emt 0:07:06]} b6 {[%emt 0:07:34]} 15. Nb7+ {[%emt 0:02:43]} Kc8 {[%emt 0:00:32]} 16. Nxe7+ {[%emt 0:00:07]} Kxb7 {[%emt 0:00:05]} 17. Bc4 {[%emt 0:05:15]} Re8 {[%emt 0:07:42]} 18. Bd5+ {[%emt 0:01:14]} Nc6 {[%emt 0:09:19]} 19. Nxc6 {[%emt 0:01:47]} Bxc6 {[%emt 0:01:07]} 20. Bxf7 {[%emt 0:00:06]} Re7 {[%emt 0:00:10]} 21. Bd5 {[%emt 0:11:38]} Rc8 {[%emt 0:02:40]} 22. Bxc6+ {[%emt 0:00:09]} Rxc6+ {[%emt 0:00:07]} 23. Kd2 {[%emt 0:00:09]} Rg7 {[%emt 0:01:33]} 24. g3 {[%emt 0:01:26]} Rd7+ {[%emt 0:05:08]} 25. Ke3 {[%emt 0:04:52]} Kc7 {[%emt 0:04:39]} 26. Rc1 {[%emt 0:02:18]} Rdd6 {[%emt 0:01:00]} 27. Rhd1 {[%emt 0:00:56]} Rxd1 {[%emt 0:00:38]} 28. Rxd1 {[%emt 0:00:04]} Rc2 {[%emt 0:00:10]} 29. Rd2 {[%emt 0:00:04]} Rc1 {[%emt 0:00:48]} 30. f4 {[%emt 0:17:34]} exf4+ {[%emt 0:05:53]} 31. gxf4 {[%emt 0:06:42]} Rg1 {[%emt 0:06:51]} 32. Kf2 {[%emt 0:02:55]} Rc1 {[%emt 0:00:40]} 33. Kf3 {[%emt 0:00:13]} h5 {[%emt 0:01:51]} 34. e5 {[%emt 0:01:33]} fxe5 {[%emt 0:04:28]} 35. fxe5 {[%emt 0:00:39]} Re1 {[%emt 0:01:58]} 36. Kf4 {[%emt 0:00:08]} Kc6 {[%emt 0:02:09]} 37. Kf5 {[%emt 0:00:36]} Rf1+ {[%emt 0:01:40]} 38. Ke6 {[%emt 0:00:07]} h4 {[%emt 0:00:55]} 39. Rc2+ {[%emt 0:00:35]} Kb7 {[%emt 0:00:17]} 40. Kd7 {[%emt 0:00:00]} Rd1+ {[%emt 0:00:00]} 41. Ke7 {[%emt 0:00:30]} h3 {[%emt 0:02:10]} 42. e6 {[%emt 0:00:51]} Rg1 {[%emt 0:03:13]} 43. Rc3 {[%emt 0:03:54]} Rg2 {[%emt 0:02:55]} 44. Rxh3 {[%emt 0:00:06]} Rxb2 {[%emt 0:00:09]} 45. a3 {[%emt 0:00:05]} b5 {[%emt 0:02:59]} 46. Kd8 {[%emt 0:01:21]} Rd2+ {[%emt 0:03:18]} 47. Ke8 {[%emt 0:03:27]} Rc2 {[%emt 0:15:33]} 48. e7 {[%emt 0:00:28]} Kc7 {[%emt 0:00:37]} 49. Rf3 $18 {[%emt 0:07:38]} Rxh2 {[%emt 0:05:56]} 50. Kf8 {[%emt 0:00:08]} Re2 {[%emt 0:02:58]} 51. e8=Q {[%emt 0:00:08]} Rxe8+ {[%emt 0:00:05]} 52. Kxe8 {[%emt 0:00:05]} Kc6 {[%emt 0:00:14]} 53. Rf5 {[%emt 0:00:49]} a5 {[%emt 0:00:16]} 54. Ke7 {[%emt 0:00:06] Kd5} 1-0

[Event "EYCC Girls U14 2018"]
[Site "Riga"]
[Date "2018.08.27"]
[Round "7"]
[White "Krasteva, Beloslava"]
[Black "Mihailova, Alina"]
[Result "1-0"]
[WhiteElo "2086"]
[BlackElo "1829"]
[Annotator "NA"]
[PlyCount "65"]
[EventDate "2018.08.20"]
[EventType "swiss"]
[EventCountry "LAT"]
[SourceTitle "playchess.com"]
[Source "ChessBase"]
[SourceQuality "1"]
[TimeControl "40/5400+30:1800+30"]

1. d4 {[%emt 0:00:00]} Nf6 {[%emt 0:00:00]} 2. c4 {[%emt 0:00:00]} e6 {[%emt 0:00:00]} 3. Nc3 {[%emt 0:00:10]} Bb4 {[%emt 0:00:00]} 4. e3 {[%emt 0:00:28]} b6 {[%emt 0:00:05]} 5. Nge2 {[%emt 0:00:58]} Bb7 {[%emt 0:01:31]} 6. a3 {[%emt 0:01:33]} Bxc3+ {[%emt 0:02:03]} 7. Nxc3 {[%emt 0:00:40]} O-O {[%emt 0:02:00]} 8. Bd3 {[%emt 0:01:39]} c5 {[%emt 0:02:07]} 9. d5 {[%emt 0:05:36]} exd5 {[%emt 0:02:44]} 10. cxd5 {[%emt 0:01:02]} d6 {[%emt 0:06:27]} 11. O-O {[%emt 0:02:13]} Nbd7 {[%emt 0:00:59]} 12. e4 {[%emt 0:02:56]} h6 {[%emt 0:01:14]} 13. f4 {[%emt 0:06:58]} a6 {[%emt 0:04:55]} 14. Qf3 {[%emt 0:04:23]} b5 {[%emt 0:06:13]} 15. b4 {[%emt 0:06:09]} Rc8 {[%emt 0:09:10]} 16. Bd2 {[%emt 0:03:33]} Nb6 {[%emt 0:12:42]} 17. Rac1 {[%emt 0:06:17]} cxb4 {[%emt 0:03:33]} ({Günstiger ist} 17... Re8 $14) 18. axb4 {[%emt 0:00:20]} Nc4 $16 {[%emt 0:00:32]} 19. Be1 {[%emt 0:03:02]} Re8 {[%emt 0:02:11]} 20. Rc2 {[%emt 0:08:18]} Nd7 {[%emt 0:10:52]} 21. g4 {[%emt 0:09:36]} Qf6 {[%emt 0:03:38]} 22. h4 {[%emt 0:05:02]} Na3 {[%emt 0:05:34]} 23. g5 {[%emt 0:08:28]} hxg5 {[%emt 0:04:52]} 24. hxg5 {[%emt 0:00:27]} Qd4+ {[%emt 0:00:28]} 25. Bf2 {[%emt 0:03:37]} Qxb4 {[%emt 0:00:08]} 26. Na2 {[%emt 0:00:32]} Qa5 {[%emt 0:08:51]} 27. Re2 {[%emt 0:01:43]} Nc4 {[%emt 0:02:13]} 28. Qh3 {[%emt 0:04:35]} Ndb6 {[%emt 0:03:08]} 29. Bd4 {[%emt 0:03:29]} Ne5 {[%emt 0:05:42]} 30. fxe5 {[%emt 0:00:33]} dxe5 {[%emt 0:00:09]} 31. Rh2 {[%emt 0:00:46]} Kf8 {[%emt 0:00:09]} 32. g6 {[%emt 0:01:16]} f6 {[%emt 0:00:20]} 33. Qh8+ {[%emt 0:00:15]} 1-0

[Event "EYCC Girls U14 2018"]
[Site "Riga"]
[Date "2018.08.27"]
[Round "7"]
[White "Wikar, Martyna"]
[Black "Stepanyan, Eva"]
[Result "1/2-1/2"]
[WhiteElo "1974"]
[BlackElo "2101"]
[Annotator "NA"]
[PlyCount "118"]
[EventDate "2018.08.20"]
[EventType "swiss"]
[EventCountry "LAT"]
[SourceTitle "playchess.com"]
[Source "ChessBase"]
[SourceQuality "1"]
[TimeControl "40/5400+30:1800+30"]

1. Nf3 {[%emt 0:00:00]} Nf6 {[%emt 0:00:26]} 2. g3 {[%emt 0:00:00]} d5 {[%emt 0:01:03]} 3. Bg2 {[%emt 0:00:02]} Bf5 {[%emt 0:00:46]} 4. O-O {[%emt 0:00:26]} e6 {[%emt 0:00:45]} 5. d3 {[%emt 0:00:27]} h6 {[%emt 0:02:47]} 6. c4 {[%emt 0:00:31]} c6 {[%emt 0:03:12]} 7. Nc3 {[%emt 0:00:33]} Be7 {[%emt 0:02:18]} 8. cxd5 {[%emt 0:00:38]} exd5 {[%emt 0:01:18]} 9. Nd4 {[%emt 0:05:44] A11: English Opening: 1...c6} Bg6 {[%emt 0:04:48]} 10. e4 {[%emt 0:00:58]} dxe4 {[%emt 0:18:08]} 11. dxe4 {[%emt 0:00:39]} O-O {[%emt 0:00:52]} 12. Be3 $146 {[%emt 0:05:14]} ({Predecessor:} 12. Re1 Bb4 13. a3 Bxc3 14. bxc3 c5 15. Nf5 Nc6 16. Bf4 Re8 {1-0 (29) Nikolic,P (2606)-Andrejic,V (2268) Kragujevac 2015}) 12... Nbd7 {[%emt 0:03:44]} 13. f4 {[%emt 0:04:27]} Bh5 {[%emt 0:04:08]} 14. Bf3 {[%emt 0:04:50]} Bxf3 {[%emt 0:03:31]} 15. Qxf3 {[%emt 0:00:20]} Bc5 {[%emt 0:05:16]} 16. e5 {[%emt 0:06:45]} (16. Rad1 $142) 16... Nh7 {[%emt 0:05:29]} 17. Rad1 {[%emt 0:03:26]} Qc7 {[%emt 0:07:39]} 18. Ne4 {[%emt 0:06:20]} Bxd4 {[%emt 0:03:46]} 19. Bxd4 {[%emt 0:02:50]} Rfd8 {[%emt 0:01:19]} 20. Qg4 {[%emt 0:08:38]} Ndf8 {[%emt 0:02:00]} 21. f5 {[%emt 0:06:17]} Rxd4 {[%emt 0:05:33]} 22. Rxd4 {[%emt 0:00:14]} Qxe5 {[%emt 0:00:16]} 23. Rfd1 {[%emt 0:04:01]} Re8 {[%emt 0:01:45]} 24. Qf4 {[%emt 0:04:10]} Qa5 {[%emt 0:02:23]} 25. a3 {[%emt 0:03:58]} Qb6 {[%emt 0:01:15]} 26. Qf2 {[%emt 0:00:42]} Re5 {[%emt 0:03:16]} 27. h4 {[%emt 0:05:27]} Qa5 {[%emt 0:04:42]} 28. Nd6 {[%emt 0:02:10]} Qa6 {[%emt 0:01:37]} 29. Qf1 {[%emt 0:03:26]} b5 {[%emt 0:01:53]} 30. Qf2 {[%emt 0:04:15]} Nf6 {[%emt 0:00:50]} 31. Re1 {[%emt 0:02:38]} N8d7 {[%emt 0:03:51]} 32. Rxe5 {[%emt 0:02:05]} Nxe5 {[%emt 0:00:03]} 33. Qe2 {[%emt 0:01:52]} Nfd7 {[%emt 0:01:17]} 34. Rd1 {[%emt 0:05:08]} Qa4 {[%emt 0:02:15]} 35. Ne4 {[%emt 0:01:06]} Qb3 {[%emt 0:00:46]} 36. Nc3 {[%emt 0:00:47]} f6 {[%emt 0:01:24]} 37. Rd4 {[%emt 0:02:51]} Qf7 {[%emt 0:00:34]} 38. a4 {[%emt 0:01:47]} a6 {[%emt 0:00:42]} 39. Ne4 {[%emt 0:01:37]} Qb3 {[%emt 0:00:30]} 40. Kg2 {[%emt 0:00:00]} c5 {[%emt 0:00:00]} 41. Rd6 {[%emt 0:04:05]} Qxa4 {[%emt 0:06:18]} 42. Nc3 {[%emt 0:03:52]} Qa1 {[%emt 0:06:20]} 43. Nd5 {[%emt 0:02:29]} Kh7 {[%emt 0:04:30]} 44. Nc7 {[%emt 0:05:03]} Qb1 {[%emt 0:05:17] [#]} 45. Rxa6 $11 {[%emt 0:04:49]} ({White should play} 45. g4 $1 $16) 45... Qxf5 {[%emt 0:00:37]} 46. Nxb5 {[%emt 0:01:02]} Nd3 {[%emt 0:02:00]} 47. Nd6 {[%emt 0:03:13]} Qg6 {[%emt 0:03:57]} 48. Qe4 {[%emt 0:02:01]} Nxb2 {[%emt 0:02:45]} 49. Ra7 {[%emt 0:01:05]} Qxe4+ {[%emt 0:00:59]} 50. Nxe4 {[%emt 0:00:07]} f5 {[%emt 0:00:29]} 51. Nd6 {[%emt 0:01:30]} Nf8 {[%emt 0:01:36]} 52. Nxf5 {[%emt 0:01:08]} Ne6 {[%emt 0:00:44]} 53. Re7 {[%emt 0:01:15]} Kg6 {[%emt 0:00:20]} 54. Rxe6+ {[%emt 0:02:19]} Kxf5 {[%emt 0:00:04]} 55. Re2 {[%emt 0:01:33]} Nd3 {[%emt 0:00:29]} 56. Kf3 {[%emt 0:00:39]} Ne5+ {[%emt 0:01:08]} 57. Ke3 {[%emt 0:00:40]} g5 {[%emt 0:00:37]} 58. Rc2 {[%emt 0:01:29]} c4 {[%emt 0:00:31]} 59. hxg5 {[%emt 0:00:37]} hxg5 {[%emt 0:00:05] Ke4+} 1/2-1/2

[Event "EYCC Girls U14 2018"]
[Site "Riga"]
[Date "2018.08.27"]
[Round "7"]
[White "Bondareva, Daria"]
[Black "Guillo Longares, Cecilia"]
[Result "1-0"]
[WhiteElo "1922"]
[BlackElo "2030"]
[Annotator "NA"]
[PlyCount "85"]
[EventDate "2018.08.20"]
[EventType "swiss"]
[EventCountry "LAT"]
[SourceTitle "playchess.com"]
[Source "ChessBase"]
[SourceQuality "1"]
[TimeControl "40/5400+30:1800+30"]

1. e4 c5 2. Nf3 Nc6 3. Bb5 g6 4. O-O Bg7 5. Bxc6 dxc6 6. d3 Nf6 7. h3 Nd7 {B31: Sicilian: 2...Nc6 3 Bb5 g6} 8. Nc3 e5 9. Be3 b6 10. Qd2 h6 11. Nh2 g5 12. Ne2 Nf8 13. Ng3 Ng6 14. Nh5 (14. a3 O-O 15. b4 cxb4 16. axb4 {½-½ (44) Caruana,F (2787)-Nakamura,H (2793) Saint Louis 2015 CBM 169 Extra [Ramirez Alvarez,Alejandro]}) 14... O-O 15. Nxg7 Kxg7 16. Qe2 $146 ({Predecessor:} 16. c3 f5 17. exf5 Bxf5 {½-½ (32) Rasik,V (2450)-Plat,V (2472) Czechia 2013}) 16... Be6 17. Qh5 f6 18. g3 Bf7 19. Qe2 Qd7 20. Kg2 Be6 21. Qh5 Qf7 22. Qe2 Rg8 23. Rg1 $17 Kh7 24. Kh1 f5 25. Qh5 f4 26. Bd2 Qf6 27. Ng4 Bxg4 {[%emt 1:11:37]} 28. Qxg4 {[%emt 1:25:13]} Raf8 {[%emt 0:04:38]} 29. Qh5 Rf7 30. Rg2 {[%emt 0:07:21]} Rgf8 {[%emt 0:04:18]} 31. Rag1 Rg8 32. gxf4 {[%emt 0:03:02]} gxf4 {[%emt 0:17:30]} 33. Bc3 {[%emt 0:01:06]} Rgg7 {[%emt 0:02:37]} 34. Rg5 {[%emt 0:01:46]} Re7 35. f3 {[%emt 0:02:15]} Qe6 {[%emt 0:02:29]} 36. R5g2 {[%emt 0:01:22]} b5 {[%emt 0:01:05]} 37. b3 {[%emt 0:00:21]} Qg8 {[%emt 0:00:51]} 38. Qf5 {[%emt 0:01:03]} Qe6 {[%emt 0:02:09]} 39. Rg4 {[%emt 0:01:17]} Qd6 {[%emt 0:01:29]} 40. h4 {[%emt 0:00:00]} Ref7 41. Rxg6 {[%emt 0:01:10]} Rxf5 {[%emt 0:01:33]} 42. Rxg7+ Kh8 43. Rg8+ {[%emt 0:00:33]} 1-0

[Event "EYCC Girls U14 2018"]
[Site "Riga"]
[Date "2018.08.27"]
[Round "7"]
[White "Mkrtchyan, Mariam"]
[Black "Eizaguerri Floris, Maria"]
[Result "0-1"]
[WhiteElo "1881"]
[BlackElo "2065"]
[Annotator "NA"]
[PlyCount "100"]
[EventDate "2018.08.20"]
[EventType "swiss"]
[EventCountry "LAT"]
[SourceTitle "playchess.com"]
[Source "ChessBase"]
[SourceQuality "1"]
[TimeControl "40/5400+30:1800+30"]

1. d4 {[%emt 0:00:00]} d5 {[%emt 0:00:00]} 2. c4 {[%emt 0:00:00]} c6 {[%emt 0:00:00]} 3. cxd5 {[%emt 0:00:00]} cxd5 {[%emt 0:00:00]} 4. Bg5 {[%emt 0:00:00] D10: Slav Defence: 3 cxd5 (without early Nf3) and 3 Nc3} (4. Bf4 Nf6 5. Nc3 Nc6 6. Nf3 a6 7. Rc1 Bf5 8. e3 Rc8 9. Be2 e6 10. O-O Nd7 11. Na4 Be7 12. h3 O-O 13. a3 Na5 14. Nc5 Nc4 15. b4 Nxc5 16. dxc5 Nxa3 {1-0 (44) So,W (2778)-Carlsen,M (2843) Stavanger 2018}) 4... h6 {[%emt 0:03:00]} 5. Bh4 {[%emt 0:00:03]} Qb6 {[%emt 0:02:06]} 6. Nc3 {[%emt 0:01:43]} e6 {[%emt 0:02:33]} 7. Qd2 {[%emt 0:00:31]} Nc6 {[%emt 0:02:10]} 8. e3 {[%emt 0:00:36]} a6 {[%emt 0:03:21]} 9. Nf3 $146 {[%emt 0:02:53]} ({Predecessor:} 9. Rc1 Nf6 10. Bxf6 gxf6 11. Bd3 Rg8 {1-0 (40) Chueu,C (1617)-Oberholzer,I (1562) Pretoria 2018}) 9... Bd6 {[%emt 0:04:04]} 10. Bd3 {[%emt 0:02:36]} Nge7 {[%emt 0:00:22]} 11. Bg3 {[%emt 0:01:24]} Qd8 {[%emt 0:06:29]} 12. O-O {[%emt 0:06:37]} O-O {[%emt 0:05:59]} 13. Na4 {[%emt 0:04:49]} Bxg3 {[%emt 0:05:46]} 14. hxg3 {[%emt 0:00:45]} Qd6 {[%emt 0:00:01]} 15. a3 {[%emt 0:02:06]} Rd8 {[%emt 0:06:55]} 16. Qc3 {[%emt 0:08:13]} f6 {[%emt 0:06:23]} 17. Rfd1 {[%emt 0:16:21]} b5 {[%emt 0:08:15]} 18. Nc5 {[%emt 0:04:09]} e5 {[%emt 0:00:40]} 19. dxe5 {[%emt 0:00:38]} fxe5 {[%emt 0:00:26]} 20. b4 {[%emt 0:00:41]} Qf6 {[%emt 0:02:46]} 21. e4 {[%emt 0:07:36]} d4 {[%emt 0:03:41]} 22. Qb3+ {[%emt 0:00:20]} Kh8 {[%emt 0:00:01]} 23. Nh2 {[%emt 0:08:30]} g5 {[%emt 0:07:32]} 24. Be2 {[%emt 0:01:25]} Rf8 {[%emt 0:07:04]} 25. Rf1 {[%emt 0:03:08]} Qg6 {[%emt 0:01:15]} 26. Qd1 {[%emt 0:05:23]} Ng8 {[%emt 0:03:31]} 27. Bh5 {[%emt 0:02:05]} Qd6 {[%emt 0:03:22]} 28. Bg4 {[%emt 0:04:44]} Bxg4 {[%emt 0:02:41]} 29. Nxg4 {[%emt 0:00:05]} Qe7 {[%emt 0:04:30]} 30. Nh2 {[%emt 0:04:03]} Nf6 {[%emt 0:02:47]} 31. f4 {[%emt 0:05:49]} gxf4 {[%emt 0:04:20]} 32. gxf4 {[%emt 0:00:05]} Rg8 {[%emt 0:01:17]} 33. Ra2 {[%emt 0:03:51]} a5 {[%emt 0:01:23]} 34. fxe5 {[%emt 0:00:35]} Qxe5 {[%emt 0:01:40]} 35. Rf5 {[%emt 0:00:35]} Qe7 {[%emt 0:00:17]} 36. Qf3 {[%emt 0:01:48]} Nh7 {[%emt 0:00:43]} 37. e5 {[%emt 0:02:38]} Rac8 {[%emt 0:00:34]} 38. Rf7 {[%emt 0:01:13]} Qxe5 {[%emt 0:00:23]} 39. Re2 {[%emt 0:00:13]} Qg5 {[%emt 0:00:22]} 40. Qd3 {[%emt 0:00:00]} Qg6 {[%emt 0:00:00]} 41. Qxg6 {[%emt 0:10:49]} Rxg6 {[%emt 0:00:41]} 42. Nd3 {[%emt 0:00:21]} axb4 $11 {[%emt 0:10:07]} 43. axb4 {[%emt 0:00:40]} Rf8 {[%emt 0:05:38]} 44. Rb7 {[%emt 0:02:40]} Rg3 {[%emt 0:03:01]} 45. Ne5 {[%emt 0:08:54]} d3 {[%emt 0:03:48]} 46. Re4 {[%emt 0:04:17]} d2 {[%emt 0:07:16]} 47. Rd7 {[%emt 0:01:27]} Nf6 {[%emt 0:00:05]} 48. Nxc6 {[%emt 0:00:52]} Nxd7 {[%emt 0:00:35]} 49. Rd4 {[%emt 0:00:34]} Rc3 {[%emt 0:00:18]} 50. Rxd2 {[%emt 0:00:47]} Rc1+ {[%emt 0:00:14]} 0-1

[Event "EYCC Girls U14 2018"]
[Site "Riga"]
[Date "2018.08.27"]
[Round "7"]
[White "Kuhar, Larisa"]
[Black "Allahverdiyeva, Ayan"]
[Result "0-1"]
[WhiteElo "1877"]
[BlackElo "2046"]
[Annotator "NA"]
[PlyCount "84"]
[EventDate "2018.08.20"]
[EventType "swiss"]
[EventCountry "LAT"]
[SourceTitle "playchess.com"]
[Source "ChessBase"]
[SourceQuality "1"]
[TimeControl "40/5400+30:1800+30"]

1. e4 {[%emt 0:00:00]} c5 {[%emt 0:00:30]} 2. Nf3 {[%emt 0:00:00]} e6 {[%emt 0:00:02]} 3. d4 {[%emt 0:00:00]} cxd4 {[%emt 0:00:05]} 4. Nxd4 {[%emt 0:00:00]} Nf6 {[%emt 0:00:09]} 5. Nc3 {[%emt 0:00:23]} d6 {[%emt 0:00:04]} 6. Be2 {[%emt 0:00:19]} Be7 {[%emt 0:00:04]} 7. O-O {[%emt 0:00:34]} O-O {[%emt 0:04:34]} 8. Be3 {[%emt 0:00:25]} Nc6 {[%emt 0:00:05]} 9. f4 {[%emt 0:00:32]} e5 {[%emt 0:00:04]} 10. fxe5 {[%emt 0:06:09]} dxe5 {[%emt 0:00:11]} 11. Nf5 {[%emt 0:00:38]} Bxf5 {[%emt 0:00:17]} 12. Rxf5 {[%emt 0:00:38]} Qxd1+ {[%emt 0:00:45]} 13. Rxd1 {[%emt 0:00:15]} g6 {[%emt 0:00:05]} 14. Rff1 {[%emt 0:05:23]} Nd4 {[%emt 0:01:04] B83: Sicilian Scheveningen: 6 Be2, lines without ...a6} 15. Bxd4 {[%emt 0:09:33]} exd4 {[%emt 0:00:21]} 16. Nd5 $146 {[%emt 0:03:01]} ({Predecessor:} 16. Nb5 Nxe4 17. Nxd4 Bg5 18. Rf3 Rae8 19. Bd3 Nd2 20. Rh3 Rd8 21. c3 Rfe8 22. Kf2 {0-1 (47) Rajkovic,L-Vogt,L (2485) Opatija 1984}) 16... Nxd5 {[%emt 0:02:05]} 17. exd5 {[%emt 0:00:38]} Rac8 {[%emt 0:00:31]} 18. c4 {[%emt 0:11:49]} Bg5 {[%emt 0:01:51]} 19. g3 {[%emt 0:07:25]} Be3+ {[%emt 0:01:22]} 20. Kg2 {[%emt 0:00:12]} f5 {[%emt 0:00:15]} 21. Bd3 {[%emt 0:07:29]} Kg7 {[%emt 0:04:16]} 22. Rde1 {[%emt 0:00:45]} Rfe8 {[%emt 0:04:39]} 23. Re2 {[%emt 0:01:39]} Kf6 {[%emt 0:01:25]} 24. g4 {[%emt 0:06:06]} Re5 {[%emt 0:07:42]} 25. h4 $11 {[%emt 0:04:56]} b6 {[%emt 0:05:43]} 26. b4 {[%emt 0:02:14]} Ke7 {[%emt 0:08:59]} 27. Rc2 {[%emt 0:14:27]} fxg4 {[%emt 0:07:16]} 28. Kg3 {[%emt 0:00:24]} g5 {[%emt 0:01:47]} 29. Kxg4 {[%emt 0:10:43]} gxh4 {[%emt 0:02:57]} 30. Kxh4 {[%emt 0:02:16]} Bg5+ {[%emt 0:06:22]} 31. Kg4 {[%emt 0:03:54]} Rg8 {[%emt 0:19:59]} 32. Re2 {[%emt 0:00:48]} Be3+ {[%emt 0:00:35]} 33. Kh4 {[%emt 0:01:53]} Rgg5 {[%emt 0:01:00]} 34. Ree1 {[%emt 0:00:58]} Rh5+ {[%emt 0:01:53]} 35. Kg4 {[%emt 0:00:26]} Reg5+ {[%emt 0:00:07]} 36. Kf3 {[%emt 0:00:08]} Rh3+ {[%emt 0:00:11]} 37. Ke2 {[%emt 0:00:49]} Rg2+ {[%emt 0:00:07]} 38. Kd1 {[%emt 0:00:29]} Rd2+ {[%emt 0:00:05]} 39. Kc1 {[%emt 0:00:26]} Rxd3+ {[%emt 0:00:05]} 40. Kb1 {[%emt 0:00:00]} Rh2 {[%emt 0:00:00]} 41. Rf5 {[%emt 0:15:30]} Rdd2 {[%emt 0:01:32]} 42. Re5+ {[%emt 0:01:27]} Kd7 {[%emt 0:00:09]} 0-1

[Event "EYCC Girls U14 2018"]
[Site "Riga"]
[Date "2018.08.27"]
[Round "7"]
[White "Efendieva, Alina"]
[Black "Mironenko, Galina"]
[Result "0-1"]
[WhiteElo "1843"]
[BlackElo "1998"]
[Annotator "NA"]
[PlyCount "92"]
[EventDate "2018.08.20"]
[EventType "swiss"]
[EventCountry "LAT"]
[SourceTitle "playchess.com"]
[Source "ChessBase"]
[SourceQuality "1"]
[TimeControl "40/5400+30:1800+30"]

1. e4 {[%emt 0:00:00]} e6 {[%emt 0:00:00]} 2. d4 {[%emt 0:00:00]} d5 {[%emt 0:00:00]} 3. Nc3 {[%emt 0:00:00]} Bb4 {[%emt 0:00:00]} 4. e5 {[%emt 0:00:00]} Ne7 {[%emt 0:00:00]} 5. Qg4 {[%emt 0:06:52]} c5 {[%emt 0:00:15]} 6. a3 {[%emt 0:02:03]} Qa5 {[%emt 0:00:35]} 7. Bd2 {[%emt 0:05:35] C17: French: 3 Nc3 Bb4 4 e5 c5 sidelines} cxd4 {[%emt 0:12:02]} 8. Qxd4 {[%emt 0:00:35]} (8. axb4 Qxa1+ 9. Nd1 O-O 10. Nf3 f5 11. exf6 Rxf6 12. Bg5 e5 13. Qh5 g6 14. Qh4 Rxf3 15. Bxe7 {0-1 (31) Grischuk,A (2704)-Shipov,S (2588) chessassistantclub.com INT 2004}) 8... Nbc6 {[%emt 0:01:13]} 9. Qg4 {[%emt 0:31:38]} d4 {[%emt 0:00:59]} 10. Ne4 {[%emt 0:02:55]} Bxd2+ {[%emt 0:00:49]} 11. Nxd2 {[%emt 0:00:46]} Qxe5+ {[%emt 0:00:15]} 12. Be2 {[%emt 0:00:35]} O-O {[%emt 0:08:02]} 13. O-O-O {[%emt 0:01:25]} f5 {[%emt 0:05:48]} 14. Qf3 $146 {[%emt 0:02:25]} ({Predecessor:} 14. Qh3 Qf6 {0-1 (27) Paulina,D (2060)-Kaidanov,G (2575) Arlington 2010}) 14... b5 {[%emt 0:03:44]} 15. Nb3 {[%emt 0:05:20]} Rb8 {[%emt 0:08:45]} 16. Kb1 {[%emt 0:03:55]} b4 {[%emt 0:02:54]} 17. a4 {[%emt 0:01:31]} Qd6 {[%emt 0:05:08]} 18. Bc4 {[%emt 0:03:51]} Kh8 {[%emt 0:01:54]} 19. Qe2 {[%emt 0:03:01]} Ng6 {[%emt 0:07:36]} 20. Nf3 {[%emt 0:06:34]} e5 {[%emt 0:02:00]} 21. Ng5 {[%emt 0:04:23]} Nf4 {[%emt 0:08:21]} 22. Qf3 {[%emt 0:00:48]} Be6 {[%emt 0:03:20]} 23. Nxe6 {[%emt 0:04:58]} Nxe6 {[%emt 0:00:16]} 24. Rhe1 {[%emt 0:01:24]} Rbd8 {[%emt 0:02:50]} 25. Qg3 {[%emt 0:03:34]} Nf4 {[%emt 0:03:23]} 26. Bb5 {[%emt 0:01:08]} Rc8 {[%emt 0:01:35]} 27. Qf3 {[%emt 0:01:40]} Ng6 {[%emt 0:01:15]} 28. g3 {[%emt 0:02:06]} Nd8 {[%emt 0:03:14]} 29. Qd3 {[%emt 0:01:19]} Ne6 {[%emt 0:01:33]} 30. f3 {[%emt 0:01:11]} Nc7 {[%emt 0:01:59]} 31. h4 {[%emt 0:01:53]} Nxb5 {[%emt 0:09:48]} 32. Qxb5 {[%emt 0:00:27]} a6 {[%emt 0:01:46]} 33. Qe2 {[%emt 0:00:58]} Qc6 {[%emt 0:01:42]} 34. a5 {[%emt 0:00:28]} Rfe8 {[%emt 0:00:40]} 35. Rd2 {[%emt 0:00:29]} Nf8 {[%emt 0:01:42]} 36. Qd3 {[%emt 0:00:33]} Qg6 {[%emt 0:00:59]} 37. Rde2 {[%emt 0:01:22]} Qxg3 {[%emt 0:01:18]} 38. Qxa6 {[%emt 0:00:09]} Qxf3 {[%emt 0:00:48]} 39. Ka2 {[%emt 0:00:57]} Ra8 {[%emt 0:00:26]} 40. Qb5 {[%emt 0:00:00]} Rab8 {[%emt 0:00:00]} 41. Qc5 $19 {[%emt 0:03:38]} (41. Qd3 $17 Qf4 42. Kb1) 41... Ng6 {[%emt 0:08:15]} 42. Nxd4 {[%emt 0:01:47]} Qa8 {[%emt 0:03:17]} 43. Nxf5 {[%emt 0:02:57]} Rec8 {[%emt 0:00:36]} 44. Qd6 {[%emt 0:05:56]} Qxa5+ {[%emt 0:00:46]} 45. Kb3 {[%emt 0:00:34]} Ra8 {[%emt 0:00:59]} 46. Qd7 {[%emt 0:00:10]} Qa2+ {[%emt 0:00:13]} 0-1